000 00586nam a22002417a 4500
001 72510
003 UA-OsUOA
005 20211023221413.0
007 ta
008 20110120b un ||||| |||| 00| 0 ukr d
020 _a978-5-9533-3746-5
040 _aUA-OsUOA
_brus
_cUA-OsUOA
_dUA-OsUOA
041 _arus
080 _a94(470+571)
090 _a94(470+571)
_bК63
100 _aКомандорова Н. И.
245 _aРусская Прага
260 _aМ.
_bВече
_c2009
300 _a352 с.
650 7 _a94 Історія
_2UDC
942 _cBK
_2udc
955 _a2
999 _c358744
_d358744